[Event "RSA-chT U10"]
[Site "Cape Town"]
[Date "2016.01.06"]
[Round "5.4"]
[White "Cloete, Daniel"]
[Black "Van der Westhuizen, Annemarie"]
[Result "1-0"]
[WhiteElo "711"]
[BlackElo "768"]
[PlyCount "75"]
[EventDate "2016.01.04"]
[EventType "team-tourn"]
[EventRounds "7"]
[EventCountry "RSA"]
[SourceTitle "CBM 170 Extra"]
[Source "ChessBase"]
[SourceDate "2016.02.25"]
[SourceVersion "1"]
[SourceVersionDate "2016.02.25"]
[SourceQuality "1"]
[WhiteTeam "Ekurhuleni"]
[BlackTeam "Kenneth Kaunda"]
[WhiteTeamCountry "RSA"]
[BlackTeamCountry "RSA"]

1. e4 e5 2. Nf3 Nc6 3. Bc4 Bc5 4. d3 Nf6 5. Ng5 0-0 6. 0-0 d6 7. Nc3 Bg4 8. Ne2 Nd4 9. f3 Nxe2+ 10. Kh1 Nd4 11. fxg4 h6 12. Nh3 Qd7 13. Be3 Nxg4 14. Bxd4 Bxd4 15. c3 Bb6 16. d4 Ne3 17. Qe2 Ng4 18. dxe5 dxe5 19. Bb5 Qe6 20. Bc4 Qc8 21. Bb3 Qe8 22. Qxg4 Rd8 23. Rad1 Qb5 24. Qf3 c5 25. c4 Qc6 26. Rxd8 Bxd8 27. Qf5 g6 28. Qxe5 Bc7 29. Qc3 Qd6 30. g3 Qd7 31. Nf4 Bxf4 32. gxf4 Qe7 33. e5 f6 34. exf6 Rxf6 35. Re1 Qc7 36. Qxf6 Qa5 37. Re8+ Kh7 38. Qf7# 1-0

[Event "RSA-chT U10"]
[Site "Cape Town"]
[Date "2016.01.04"]
[Round "1.4"]
[White "Naude, Nia"]
[Black "Cloete, Daniel"]
[Result "1-0"]
[WhiteElo "835"]
[BlackElo "711"]
[PlyCount "32"]
[EventDate "2016.01.04"]
[EventType "team-tourn"]
[EventRounds "7"]
[EventCountry "RSA"]
[SourceTitle "CBM 170 Extra"]
[Source "ChessBase"]
[SourceDate "2016.02.25"]
[SourceVersion "1"]
[SourceVersionDate "2016.02.25"]
[SourceQuality "1"]
[WhiteTeam "Bojanala Platina"]
[BlackTeam "Ekurhuleni"]
[WhiteTeamCountry "RSA"]
[BlackTeamCountry "RSA"]

1. d4 d5 2. Bf4 Bf5 3. h3 e6 4. a3 Nc6 5. Bd2 Nxd4 6. f3 Nxc2+ 7. Kf2 Nxa1 8. Qa4+ c6 9. Ba5 Qh4+ 10. Qxh4 Be7 11. Qd4 Bf6 12. Qb4 Bxb1 13. Qxb7 Bd4+ 14. e3 Rd8 15. Bxd8 Kxd8 16. exd4 Nc2 1-0